Periodisme en temps difícils : l'Escola del CIC (1964-1974) / Mn. Joan Alemany ... [et al.] l'Escola del CIC (1964-1974) / Mn. Joan Alemany ... [et al.]
Descripción Física:
155 p. : il. ; 24 cm
Colección:
Vaixells de paper ; 5
Otros Autores:
Alemany, Joan
MARC
| LEADER | 00000nam a2200000Ia 4500 | ||
|---|---|---|---|
| 001 | 8960 | ||
| 008 | 160829s1989 xx 000 0 cat d | ||
| 080 | |a O-1-27 | ||
| 245 | |a Periodisme en temps difícils : |b l'Escola del CIC (1964-1974) / Mn. Joan Alemany ... [et al.] | ||
| 260 | |a Barcelona : |b Diputació de Barcelona : |b Col·legi de Periodistes de Catalunya, |c 1989 | ||
| 300 | |a 155 p. : |b il. ; |c 24 cm | ||
| 490 | |a Vaixells de paper ; 5 | ||
| 650 | |a Periodisme |x Catalunya |x 1964/1974 |9 32649 | ||
| 650 | |a Escola de Periodisme de l'Església de Barcelona |x 1964/1974 |9 32650 | ||
| 700 | |a Alemany, Joan |9 32651 | ||
| 710 | 2 | |a Col·legi de Periodistes de Catalunya |9 52967 | |
| 901 | |a Arxiu | ||
| 942 | |n 1 | ||
| 952 | |0 0 |1 0 |4 0 |6 O127 |7 1 |9 46059 |a Arxiu |b Arxiu |d 2016-12-01 |l 0 |o O-1-27 |p 8960 |r 2016-12-01 00:00:00 |w 2016-12-01 |y ARXIU | ||
| 999 | |c 49560 |d 49560 | ||